[Event "25th Carlos Torre Open"]
[Site "Merida MEX"]
[Date "2013.12.15"]
[Round "5.5"]
[White "Espinosa Veloz,E"]
[Black "Gonzalez Zamora,J"]
[Result "1/2-1/2"]
[WhiteElo "2462"]
[BlackElo "2537"]

1.e4 c5 2.Nf3 e6 3.d4 cxd4 4.Nxd4 a6 5.Nc3 Qc7 6.g3 Bb4 7.Bd2 Nf6 8.Bg2 Nc6
9.Nb3 Be7 10.O-O d6 11.f4 b5 12.a3 Bb7 13.Qe2 O-O 14.g4 Rfe8 15.g5 Nd7 16.h4 Rab8
17.h5 Bf8 18.f5 exf5 19.Rxf5 Nce5 20.Raf1 g6 21.R5f4 Bg7 22.Qf2 Nb6 23.Be3 Nbc4
24.Bd4 Qe7 25.Qh4 Nxb2 26.Nd5 Bxd5 27.exd5 Nbc4 28.Be4 Rf8 29.R1f2 Rbe8 30.Rh2 Bh8
31.Qg3 a5 32.Rfh4 a4 33.hxg6 fxg6 34.Rxh7 Qxh7 35.Rxh7 Kxh7 36.Bxe5 Bxe5
37.Qh3+ Kg8 38.Bxg6 Bh2+ 39.Kxh2 Re2+ 40.Kg1 Re1+ 41.Kg2 Ne3+ 42.Kg3 Rg1+
43.Kh2 Rg2+ 44.Qxg2 Nxg2 45.Kxg2 axb3 46.cxb3 Ra8 47.a4 bxa4 48.bxa4 Rxa4
49.Kf3 Kg7 50.Be4 Ra8 51.Kf4 Re8 52.Bf5 Re5 53.Be4 Kf8 54.Bf3 Kf7 55.Be4 Kg7
56.Bf3 Kg6 57.Be4+ Kh5 58.Bf3+ Kh4 59.g6 Rg5 60.Be4 Kh5 61.Bf5 Kh6 62.Be4 Re5
63.Ke3 Kg7 64.Kd4 Kf6 65.Bd3 Rg5 66.Bc2 Rg4+ 67.Ke3 Rb4 68.Be4 Ra4 69.Kf4 Ra7
70.Bd3 Re7 71.Be4 Rc7 72.Bd3 Rc1 73.Be4 Rf1+ 74.Kg3 Kg7 75.Bd3 Rf8 76.Be4 Kh6
77.Kg4 Kg7 78.Kg5 Rf1 79.Kg4 Kf6 80.Kg3 Rg1+ 81.Kf4 Rg5 82.Ke3 Ke5 83.Kf3 Rg1
84.Kf2 Rg4 85.Kf3 Rf4+ 86.Kg3 Rf8 87.Bc2 Rc8 88.Bb1 Rc1 89.Bd3 Rg1+ 90.Kf2 Rg5
91.Kf3 Kf6 92.Be4 Re5 93.Kf4 Re7 94.Bf5 Rb7 95.Be4 Rb8 96.Bf5 Rb2 97.Be4 Rf2+
98.Ke3 Rf1 99.Bd3 Rh1 100.Be4 Rg1 101.Kf4 Rg5 102.Ke3 Re5 103.Kf4 Rxe4+ 104.Kxe4 Kxg6
105.Kf4 Kf6 106.Ke4 Kg5 107.Ke3 Kf5 108.Kf3 Ke5 109.Ke3 Kxd5 110.Kd3  1/2-1/2

[Event "20th Zadar Open B 2013"]
[Site "Zadar CRO"]
[Date "2013.12.15"]
[Round "1.8"]
[White "Dzaja,M"]
[Black "Medancic,R"]
[Result "0-1"]
[WhiteElo "1924"]
[BlackElo "2246"]

1.e4 c5 2.Nf3 e6 3.d4 cxd4 4.Nxd4 a6 5.Nc3 b5 6.Bd3 Bb7 7.O-O Qc7 8.f4 d6
9.Qe1 Nf6 10.a3 Qb6 11.Kh1 Nbd7 12.Be3 Qc7 13.Bg1 Be7 14.Qg3 O-O 15.Rae1 Rac8
16.e5 dxe5 17.fxe5 Nh5 18.Qg4 g6 19.Nxe6 Nxe5 20.Qh3 Qd6 21.Nxf8 Rxf8 22.Be4 Bc8
23.Qe3 Nc4 24.Qf2 Be6 25.Rd1 Qe5 26.Qd4 Qg5 27.b3 Nxa3 28.Nd5 Bd6 29.Nf6+ Nxf6
30.Rxf6 Be5 31.Qc5 Qxf6 32.Qxa3 Bg4 33.Rd3 Be2 34.Rd5 Bb8 35.Qc5 Qe6 36.Bd3 Rc8
37.Qd4 Bxd3 38.Rd8+ Rxd8 39.Qxd8+ Kg7 40.Qxd3 Be5 41.c4 bxc4 42.bxc4 a5 43.c5 a4
44.Bd4 Bxd4 45.Qxd4+ Qf6 46.Qd1 a3  0-1

[Event "20th Zadar Open A 2013"]
[Site "Zadar CRO"]
[Date "2013.12.16"]
[Round "3.14"]
[White "Jakic,I"]
[Black "Mazi,L"]
[Result "0-1"]
[WhiteElo "2410"]
[BlackElo "2377"]

1.e4 c5 2.Nf3 e6 3.d4 cxd4 4.Nxd4 a6 5.Nc3 Qc7 6.Bd3 Nf6 7.O-O d6 8.Bd2 Nbd7
9.Qe2 Be7 10.Kh1 Nc5 11.f4 O-O 12.e5 dxe5 13.fxe5 Nfd7 14.Rae1 Nxd3 15.cxd3 Bh4
16.g3 Be7 17.Bf4 b5 18.h4 Bb7+ 19.Kh2 Nc5 20.b4 Qd7 21.Be3 Na4 22.Ne4 Bxe4
23.dxe4 Bxb4 24.Rc1 Rfc8 25.Qg4 Bf8 26.Nf3 Rxc1 27.Bxc1 Qd3 28.Rf2 Rc8 29.Bd2 Rc7
30.Ng5 h6 31.Nxe6 Qd7 32.Bb4 Nc5 33.Rxf7 Qxf7 34.Bxc5 Rxc5 35.Nxc5 Bxc5 36.Qc8+ Qf8
37.Qxa6 Qf2+ 38.Kh3 Qf1+ 39.Kg4 Qe2+ 40.Kh3 Qxe4 41.Qc8+ Bf8 42.Qe6+ Kh7
43.g4 Qf3+ 44.Kh2 Bc5 45.Qf5+ Qxf5 46.gxf5 Bd4 47.e6 Kg8 48.Kg3 Kf8 49.Kf4 Ke7
50.h5 Kd6 51.Ke4 Bf6  0-1

[Event "AUS Masters GM"]
[Site "Melbourne AUS"]
[Date "2013.12.17"]
[Round "4.4"]
[White "Solomon,SJ"]
[Black "Miezis,N"]
[Result "0-1"]
[WhiteElo "2386"]
[BlackElo "2554"]

1.e4 c5 2.Nf3 e6 3.d4 cxd4 4.Nxd4 a6 5.Nc3 Qc7 6.Be2 b5 7.O-O Bb7 8.Re1 Nc6
9.Nxc6 dxc6 10.e5 Rd8 11.Bd3 c5 12.Qh5 c4 13.Be4 Ne7 14.Bxb7 Qxb7 15.Bg5 Rd4
16.Rad1 Rxd1 17.Qxd1 h6 18.Bh4 Qc8 19.f3 Ng6 20.Bf2 Bc5 21.Ne4 Bxf2+ 22.Kxf2 O-O
23.Qd4 Rd8 24.Nd6 Qc7 25.f4 f6 26.Rd1 fxe5 27.fxe5 Qe7 28.Kg1 Qg5 29.Rf1 Nxe5
30.h4 Qg3 31.Nf5 Rxd4 32.Nxg3 Ng4 33.Re1 Rd2 34.Re2 Rd1+ 35.Nf1 Kf7 36.g3 Ra1
37.b3 c3 38.Kg2 Rxa2 39.Kf3 h5 40.Ke4 Ra1 41.Ne3 Nxe3 42.Rxe3 b4 43.Kd4 a5
44.Re5 g6 45.Kc4 Kf6 46.Re2 e5 47.Rf2+ Ke6 48.Rf8 Rg1 49.Rf3 e4 50.Rf8 Rxg3
51.Ra8 e3 52.Kd3 Rg4 53.Ra6+ Kf7 54.Ra7+ Kf6 55.Ra6+ Kg7 56.Rxa5 Rxh4 57.Kxe3 Rg4
58.Kf3 Rd4 59.Ke3 Rh4 60.Rb5 Kh6 61.Kf3 Rg4 62.Ra5 Rg5 63.Ra8 Rf5+ 64.Kg3 Kg5
65.Rb8 h4+ 66.Kh3 Rf3+ 67.Kg2 Rf4 68.Kh3 Re4 69.Rf8 Re3+ 70.Kg2 Kg4 71.Kf2 Re4
72.Rb8 g5 73.Rb7 Rf4+ 74.Kg1 Kg3 75.Re7 h3 76.Re3+ Rf3 77.Re1 g4 78.Kh1 Rf2
79.Rc1 Kf3 80.Kg1 g3 81.Kh1 Kg4  0-1

[Event "WYCC U16 Girls 2013"]
[Site "Al-Ain UAE"]
[Date "2013.12.18"]
[Round "1.33"]
[White "Fuskova,M"]
[Black "Bashaer,Khalil"]
[Result "1-0"]
[WhiteElo "1969"]
[BlackElo "1630"]

1.e4 c5 2.Nf3 e6 3.d4 cxd4 4.Nxd4 a6 5.Nc3 b5 6.Be2 Qc7 7.O-O Bb7 8.Bf3 Bc5
9.Nb3 Bb6 10.Qe2 Ne7 11.Be3 Bxe3 12.Qxe3 O-O 13.Rad1 Ng6 14.Nc5 Bc6 15.Nd3 d6
16.Bh5 Ne7 17.f4 Qa7 18.Qxa7 Rxa7 19.Nb4 Rd8 20.Rd2 Rad7 21.Rfd1 Bb7 22.Bf3 Ng6
23.g3 Nc6 24.Nxc6 Bxc6 25.Kf2 Kf8 26.Ne2 Ne7 27.Nd4 Bb7 28.Nb3 Bc6 29.Rd3 h6
30.Na5 Ba8 31.c4 Nc6 32.Nxc6 Bxc6 33.cxb5 Bxb5 34.Rc3 Ke8 35.Ke3 Rb8 36.b3 Rdb7
37.Rxd6 Rd8 38.Rxd8+ Kxd8 39.Rc1 Rd7 40.Rd1 Rxd1 41.Bxd1 Kc7 42.Be2 Kb6 43.Bxb5 Kxb5
44.a3 Kc5 45.Kd3 f6 46.Kc3 e5 47.fxe5 fxe5 48.b4+ Kb5 49.Kb3 h5 50.a4+ Kb6
51.Kc4  1-0

[Event "Al-Ain Classic Open A 2013"]
[Site "Al-Ain UAE"]
[Date "2013.12.21"]
[Round "3.29"]
[White "Djaballah,F"]
[Black "Supatashvili,K"]
[Result "0-1"]
[WhiteElo "2037"]
[BlackElo "2455"]

1.e4 c5 2.Nf3 e6 3.d4 cxd4 4.Nxd4 a6 5.Nc3 Qc7 6.Be2 Nf6 7.O-O d6 8.Be3 Be7
9.f4 Nbd7 10.Qe1 b5 11.Bf3 Bb7 12.Qg3 b4 13.Nce2 O-O 14.e5 dxe5 15.fxe5 Ne4
16.Bxe4 Bxe4 17.Bf4 Rac8 18.c3 bxc3 19.bxc3 Nc5 20.h4 Nd3 21.Rad1 Nxf4 22.Rxf4 Qxe5
23.Rxf7 Qxg3 24.Rxf8+ Rxf8 25.Nxg3 Bd5 26.Nf1 Bxh4 27.Ne3 Bf2+  0-1

[Event "Al-Ain Classic Open A 2013"]
[Site "Al-Ain UAE"]
[Date "2013.12.21"]
[Round "3.20"]
[White "Filippov,An UZB"]
[Black "Hejazipour,M"]
[Result "1-0"]
[WhiteElo "2634"]
[BlackElo "2274"]

1.e4 c5 2.Nf3 e6 3.d4 cxd4 4.Nxd4 a6 5.Nc3 Qc7 6.Bd3 b5 7.O-O Bb7 8.Qe2 Nc6
9.Nxc6 Bxc6 10.a4 b4 11.Nd5 Qb7 12.Bf4 d6 13.c3 Bxd5 14.exd5 e5 15.cxb4 Qxb4
16.Bxa6 Be7 17.Qb5+ Qxb5 18.Bxb5+ Kf8 19.Bc6  1-0

[Event "Al-Ain Classic Open A 2013"]
[Site "Al-Ain UAE"]
[Date "2013.12.22"]
[Round "4.17"]
[White "Khatanbaatar,B"]
[Black "Babujian,L"]
[Result "1/2-1/2"]
[WhiteElo "2329"]
[BlackElo "2512"]

1.e4 c5 2.Nf3 e6 3.d4 cxd4 4.Nxd4 a6 5.Nc3 d6 6.Bd3 Nf6 7.O-O Nc6 8.Nb3 b5
9.f4 Bb7 10.Qe2 h5 11.a4 b4 12.Nd1 g6 13.Nf2 Bg7 14.a5 Nd7 15.Ra2 Nd4 16.Nxd4 Bxd4
17.Bd2 Bc5 18.Kh1 Nf6 19.Be3 Qc7 20.Raa1 h4 21.Bxc5 Qxc5 22.Nh3 Rh5 23.Rfc1 Qc6
24.Re1 Rc8 25.Qd2 Qc5 26.Ra4 Bc6 27.Rxb4 Qxa5 28.c3 Rd8 29.Qe3 Nd7 30.Be2 Rh8
31.Rd4 Qb6 32.Bf3 Ba8 33.b4 e5 34.fxe5 Nxe5 35.Qf4 Ke7 36.Red1 f6 37.Be2 Bb7
38.Qd2 Rhf8 39.Qh6 g5 40.Bh5 Nf7 41.Qg7 Qb5 42.Rd5 Bxd5 43.exd5 Rde8 44.Ng1 Qd7
45.Nf3 Kd8 46.Qxf6+ Qe7 47.Qd4 Qe3 48.h3 Qxd4 49.Nxd4 Kd7 50.Ne6 Rxe6 51.dxe6+ Kxe6
52.Be2 Ne5 53.Bxa6 Rf2 54.Bb7 Rc2 55.b5 Rxc3 56.Bd5+ Kd7 57.b6 Rd3 58.Rxd3 Nxd3
59.Kg1 Nf4 60.Ba8 d5 61.Kf2 Kc8 62.Kf3 Kb8 63.Bxd5 Nxd5 64.Kg4 Ne3+ 65.Kxg5 Nxg2
66.Kg4 Kb7 67.Kf3  1/2-1/2

[Event "Chinese Teams 2013"]
[Site "Tianjin CHN"]
[Date "2013.12.22"]
[Round "20.2"]
[White "Wang Chengjia"]
[Black "Ding Yixin"]
[Result "0-1"]
[WhiteElo "1963"]
[BlackElo "2428"]

1.e4 c5 2.Nf3 e6 3.d4 cxd4 4.Nxd4 a6 5.Nc3 Qc7 6.a3 Nf6 7.Be2 b5 8.O-O Bb7
9.Bf3 d6 10.Be3 Nbd7 11.Nb3 Be7 12.Bd4 O-O 13.Qe2 Nc5 14.Nd2 e5 15.Be3 h6
16.Rfd1 Rfe8 17.g3 Rac8 18.Bg2 Qb8 19.Rac1 Qa8 20.Bxc5 Rxc5 21.Nb3 Rxc3 22.bxc3 Nxe4
23.Bxe4 Bxe4 24.Nd2 Bb7 25.c4 bxc4 26.Qxc4 d5 27.Qb3 d4 28.Ra1 e4 29.Nc4 e3
30.Nb6 exf2+ 31.Kxf2 Qd8 32.Rd3 Bc5 33.Na4 Qf6+ 34.Kg1 Re2 35.Rf1 Rg2+  0-1

[Event "Al-Ain Classic Open A 2013"]
[Site "Al-Ain UAE"]
[Date "2013.12.26"]
[Round "7.4"]
[White "Oleksienko,M"]
[Black "Kveinys,A"]
[Result "1/2-1/2"]
[WhiteElo "2622"]
[BlackElo "2534"]

1.e4 c5 2.Nf3 e6 3.d4 cxd4 4.Nxd4 a6 5.Nc3 b5 6.Bd3 d6 7.O-O Nf6 8.Re1 Be7
9.Bd2 O-O 10.a4 b4 11.Na2 Qb6 12.Bxb4 Qxd4 13.e5 Nc6 14.exf6 Qxf6 15.Bc3 Ne5
16.Be4 Rb8 17.Nb4 Qh6 18.Bxe5 Rxb4 19.Bxd6 Bxd6 20.Qxd6 Rxb2 21.Rab1 Rxb1
22.Rxb1 Qh4 23.Bd3 g6 24.Rb8 Qxa4 25.Qc5 Qa1+ 26.Bf1 a5 27.Rxc8 Rxc8 28.Qxc8+ Kg7
29.c4 a4 30.c5 a3 31.c6 a2 32.Qa6 Qb2 33.c7 a1=Q 34.Qxa1 Qxa1 35.c8=Q h5
36.h4 Qf6 37.g3 Qe5 38.Qc4 Qa1 39.Kg2 Qb2 40.Bd3 Qe5 41.Kf3 Kg8 42.Qb4 Kg7
43.Qf4 Qc3 44.Ke2 Kg8 45.Qh6 Qf6 46.Be4 Qe5 47.Kf3 Qd4 48.Qe3 Qb2 49.Qc5 Kg7
50.Ke3 Kg8 51.Qd4 Qa3+ 52.Ke2 Qa6+ 53.Bd3 Qa2+ 54.Kf3 Qd2 55.Kg2 Qd1 56.Qc3 Kh7
57.Be4 Qa4 58.Bc6 Qa6 59.Bf3 Qa4 60.Qe5 Kg8 61.Be4 Qc4 62.Kf3 Qc1 63.Bxg6 fxg6
64.Qxe6+ Kg7 65.Qe7+ Kg8 66.Qd8+ Kh7 67.Qd7+ Kg8 68.Qd5+ Kg7 69.Qd4+ Kh7
70.Ke4 Qc2+ 71.Ke5 Qc8 72.Qa7+ Kh6 73.Qe3+ Kh7 74.Qd4 Qe8+ 75.Kd6 Qd8+ 76.Kc5 Qa5+
77.Kc6 Qa6+ 78.Kc7 Qa2 79.Kd8 Qa8+ 80.Ke7 Qa3+ 81.Ke8 Qa8+ 82.Qd8 Qf3 83.Qc7+ Kg8
84.Qf4 Qe2+ 85.Qe3 Qb5+ 86.Ke7 Kh7 87.f4 Qb7+ 88.Ke6 Qc8+ 89.Kf7 Qf5+ 90.Ke7 Qg4
91.Qe5 Qc8 92.Qe6 Qc3 93.Qe5 Qa3+ 94.Kf7 Qb3+ 95.Kf6 Qb6+ 96.Qe6 Qd4+ 97.Kf7 Qg7+
98.Ke8 Qh8+ 99.Ke7 Qc3 100.Qf7+ Kh6 101.Qf6 Qc7+ 102.Kf8 Qc8+ 103.Kf7 Qc4+
104.Qe6 Qc7+ 105.Qe7 Qc4+ 106.Kf8 Qc8+ 107.Qe8 Qc7 108.Qe6 Qd8+ 109.Kf7 Qc7+
110.Ke8 Qb8+ 111.Ke7 Qa7+ 112.Qd7 Qa3+ 113.Kf7 Qb3+ 114.Ke8 Qb8+ 115.Ke7 Qb4+
116.Qd6 Qe4+ 117.Kf8 Qa8+ 118.Kf7 Qb7+ 119.Ke8 Qa8+ 120.Ke7 Qb7+ 121.Qd7 Qb4+
122.Kf7 Qb3+ 123.Kf8 Qb8+ 124.Qe8 Qc7  1/2-1/2

[Event "Al-Ain Classic Open A 2013"]
[Site "Al-Ain UAE"]
[Date "2013.12.26"]
[Round "7.14"]
[White "Filippov,An UZB"]
[Black "Supatashvili,K"]
[Result "1/2-1/2"]
[WhiteElo "2634"]
[BlackElo "2455"]

1.e4 c5 2.Nf3 e6 3.d4 cxd4 4.Nxd4 a6 5.Nc3 Qc7 6.Bd3 Nf6 7.O-O Nc6 8.Nxc6 dxc6
9.f4 e5 10.f5 Bc5+ 11.Kh1 b5 12.Qf3 O-O 13.g4 Rd8 14.a4 Bb7 15.g5 Ne8 16.Nd1 f6
17.h4 Qe7 18.c3 Bb6 19.Bc2 c5 20.Be3 Nd6 21.gxf6 gxf6 22.axb5 axb5 23.Rxa8 Bxa8
24.Nf2 Kh8 25.Rg1 Ba7 26.Kh2 c4 27.b4 Bc6 28.Bh6 Rg8 29.Rxg8+ Kxg8 30.Nh1 Kh8
31.Ng3 Nf7 32.Bc1 Nd6 33.Nh5 Be8 34.Ng3 Bc6 35.Be3 Bxe3 36.Qxe3 Qd7 37.Kg1 Ne8
38.Kf2 Kg8 39.Ke1 Kf8 40.Nh5 Qd6 41.Qa7 Qd7 42.Qb6 Kf7 43.Ng3 Kg7 44.Nh1 Nd6
45.Qe3 Qd8 46.Nf2 Nf7 47.Ng4 Qd6 48.Qa7 Kf8 49.Nf2 Qd7 50.Qc5+ Qd6 51.Qe3 Kg7
52.Bd1 Qe7 53.Bf3 Nd6 54.Kf1 Be8 55.Kg2 Kg8 56.Ng4 Nf7 57.Kh3 Qd6 58.Kg3 Kg7
59.Nf2 Bc6 60.Bh5 Nh6 61.Qb6 Qd7 62.Qc5 Ng8 63.Kg2 Ne7 64.Bf3 Qc7 65.Qe3 Qd7
66.Ng4 Ng8 67.Kg3 Qd6 68.Nf2 Ne7 69.Ng4 Ng8 70.Kg2 Qd7 71.Kf2 Qd6 72.Ke1 Qd7
73.Bd1 Qd6 74.Bc2 Qd7  1/2-1/2

[Event "WYCC U16 Girls 2013"]
[Site "Al-Ain UAE"]
[Date "2013.12.26"]
[Round "9.7"]
[White "Derakhshani,D"]
[Black "Vanagaite,G"]
[Result "1-0"]
[WhiteElo "2087"]
[BlackElo "2017"]

1.e4 c5 2.Nf3 e6 3.d4 cxd4 4.Nxd4 a6 5.Nc3 b5 6.Bd3 Qc7 7.O-O Bb7 8.Re1 d6
9.a4 bxa4 10.Nd5 exd5 11.exd5+ Be7 12.Nf5 Nd7 13.Bf4 Kf8 14.Rxe7 Nxe7 15.Bxd6 Qb6
16.c4 g6 17.Qe2 Re8 18.c5 Qd8 19.Nxe7 Kg7 20.Qe3 f6 21.Rxa4 Bxd5 22.Rh4 Kf7
23.Rxh7+ Rxh7 24.Bxg6+ Kg7 25.Bxh7 Rxe7 26.Bxe7 Qa5 27.h4 Qa1+ 28.Kh2 Qxb2
29.Bf5 Ne5 30.h5 Qb8 31.h6+ Kf7 32.Bd6 Qh8 33.Bxe5 fxe5 34.Qg5 Bc4 35.c6 e4
36.Bxe4 Qb8+ 37.g3 Qb6 38.Qf4+  1-0

[Event "VII Stadium Casablanca Open 2013"]
[Site "Zaragoza ESP"]
[Date "2013.12.27"]
[Round "2.3"]
[White "Gracia Suarez,J"]
[Black "Strikovic,A"]
[Result "0-1"]
[WhiteElo "2115"]
[BlackElo "2529"]

1.e4 c5 2.Nf3 e6 3.Nc3 a6 4.d4 cxd4 5.Nxd4 Qc7 6.g3 Nf6 7.Bg2 Nc6 8.O-O Nxd4
9.Qxd4 Bc5 10.Bf4 d6 11.Qd2 h6 12.Rad1 e5 13.Be3 Ke7 14.f4 exf4 15.gxf4 Be6
16.f5 Qb6 17.Bxc5 Qxc5+ 18.Kh1 Bc4 19.e5 dxe5 20.b4 Qc7 21.Rfe1 Rhd8 22.Qe3 Rxd1
23.Nxd1 Bxa2 24.Qxe5+ Qxe5 25.Rxe5+ Kd6 26.Bxb7 Kxe5 27.Bxa8 Bd5+ 28.Bxd5 Nxd5  0-1

[Event "Al-Ain Classic Open A 2013"]
[Site "Al-Ain UAE"]
[Date "2013.12.28"]
[Round "9.26"]
[White "Baghdasaryan,V"]
[Black "Abdulla,K"]
[Result "1/2-1/2"]
[WhiteElo "2395"]
[BlackElo "2260"]

1.e4 c5 2.Nf3 e6 3.d4 cxd4 4.Nxd4 a6 5.Nc3 Qc7 6.Be2 Nf6 7.a3 b5 8.f4 Bb7
9.e5 Nd5 10.Nxd5 Bxd5 11.O-O Nc6 12.Be3 Nxd4 13.Bxd4 Bc5 14.Bf3 Bxf3 15.Rxf3 Bxd4+
16.Qxd4 O-O 17.Rc3 Qb7 18.Rd1 Rfd8 19.Qd6 Qe4 20.Qb4 Qe2 21.Qd4 h6 22.h3 Rdc8
23.Rd2 Qe1+ 24.Kh2 Qf1 25.Rf3 Qc1 26.c3 Rc7 27.Qd3 Qa1 28.Qd6 Rca7 29.f5 exf5
30.Rxf5 Qa2 31.Qd4 Rc7 32.Qb6 Qe6 33.Qxc7 Qxf5 34.Kg1 Re8 35.Qxd7 Qxd7 36.Rxd7 Rxe5
37.Kf2 Re6 38.Rc7 g5 39.b3 Kg7 40.Kf3 Kg6 41.c4 bxc4 42.Rxc4 h5 43.b4 f6
44.a4 Re1 45.Rc6 Rb1 46.Rb6 Rb2 47.g4 Rb3+ 48.Kg2 Rb2+ 49.Kg1 Rb3 50.a5 h4
51.Kf2 Rxh3 52.Rxa6 Rb3 53.Rb6 Rb2+ 54.Kf1 Rb1+ 55.Kf2 Rb2+ 56.Kf1 Rb1+  1/2-1/2

[Event "WYCC U16 Girls 2013"]
[Site "Al-Ain UAE"]
[Date "2013.12.28"]
[Round "11.2"]
[White "Wozniak,Mari"]
[Black "Gu,T"]
[Result "0-1"]
[WhiteElo "2079"]
[BlackElo "2128"]

1.e4 c5 2.Nf3 e6 3.d4 cxd4 4.Nxd4 a6 5.Nc3 b5 6.Bd3 Qb6 7.Nb3 b4 8.Be3 Qc6
9.Ne2 Nf6 10.O-O Qc7 11.f3 Bb7 12.c3 Bd6 13.h3 bxc3 14.Rc1 Nc6 15.Rxc3 O-O
16.Nc5 Bxc5 17.Bxc5 d6 18.Bf2 Qa5 19.Rb3 Qc7 20.Qd2 Ne5 21.Rc1 Qd7 22.Rb6 d5
23.Bg3 dxe4 24.Bxe5 exd3 25.Rd6 Qe7 26.Rxd3 Nd5 27.Rd4 f6 28.Bg3 Rad8 29.Qa5 e5
30.Rdc4 Qe6 31.Bf2 f5 32.b3 e4 33.Nd4 Qg6 34.Nc6 Bxc6 35.Rxc6 Qf7 36.Rd1 Rd7
37.fxe4 fxe4 38.Bc5 Re8 39.Rf1 Nf4 40.Rf2 Qd5 41.Rxa6 Nd3 42.Rc2 e3 43.Bxe3 Qxa5
44.Rxa5 Rxe3 45.Rb5 h6 46.a4 Rd6 47.a5 Rf6 48.Rb6 Rf1+ 49.Kh2 Nf2 50.g3 Ne4
51.Ra2 Nc3 52.Rc2 Ne2 53.Kg2 Rf5 54.Rg6 Kh7 55.Rg4 h5  0-1

[Event "51st Groningen Open A 2013"]
[Site "Groningen NED"]
[Date "2013.12.28"]
[Round "7.46"]
[White "Gutkind,Kedem"]
[Black "Keetman,Maaike"]
[Result "0-1"]
[WhiteElo "2066"]
[BlackElo "1899"]

1.e4 c5 2.Nf3 e6 3.d4 cxd4 4.Nxd4 a6 5.Nc3 Qc7 6.Be3 Bb4 7.Bd2 Nf6 8.Bd3 O-O
9.Qe2 d6 10.a3 Bc5 11.Nb3 Nc6 12.O-O-O b5 13.g4 Bb7 14.g5 Nd7 15.f4 b4 16.axb4 Nxb4
17.Rhf1 a5 18.Nb5 Nxd3+ 19.Qxd3 Qb6 20.c4 a4 21.Nxc5 Nxc5 22.Qxd6 Bxe4 23.Rde1 Nd3+
24.Kd1 Nxb2+ 25.Ke2 Bd3+ 26.Kf3 Qxd6 27.Nxd6 Bxf1 28.Rxf1 Rfd8 29.c5 Nd3
30.Be3 a3 31.Nb7 Rdc8 32.Nd6 Rxc5 33.Bxc5 Nxc5 34.Ne4 Nb3  0-1

[Event "2nd Gurgaon Open 2014"]
[Site "Gurgaon IND"]
[Date "2014.01.03"]
[Round "4.10"]
[White "Satyapragyan,S"]
[Black "Tillyaev,U"]
[Result "0-1"]
[WhiteElo "2401"]
[BlackElo "2243"]

1.e4 c5 2.Nf3 e6 3.d4 cxd4 4.Nxd4 a6 5.Nc3 Qc7 6.Bd3 Nc6 7.Nxc6 dxc6 8.O-O e5
9.f4 Bc5+ 10.Kh1 Nf6 11.Qf3 Ng4 12.f5 h5 13.a4 a5 14.Bg5 f6 15.Bh4 Bd7 16.Nb1 O-O-O
17.Nd2 Be8 18.h3 Ne3 19.Nb3 Bb6 20.Rfe1 Rxd3 21.cxd3 Nc2 22.Rac1 Nxe1 23.Bxe1 Bf7
24.Nc5 Rd8 25.b4 Qd6 26.Qg3 Bxc5 27.bxc5 Qxd3 28.Qf2  0-1

[Event "ch-RSA Closed 2014"]
[Site "Cape Town RSA"]
[Date "2014.01.04"]
[Round "1.1"]
[White "Meintjes,Jacques C."]
[Black "Kobese,W"]
[Result "0-1"]
[WhiteElo "1989"]
[BlackElo "2341"]

1.e4 c5 2.Nc3 a6 3.Nf3 e6 4.d4 cxd4 5.Nxd4 d6 6.Be3 b5 7.Qd2 Bb7 8.f3 Nd7
9.a4 b4 10.Na2 Ngf6 11.Nxb4 d5 12.exd5 Bxb4 13.Qxb4 Nxd5 14.Qa3 Qa5+ 15.Kf2 Nxe3
16.Qxe3 O-O 17.Nb3 Qh5 18.Bd3 Qh4+ 19.g3 Qf6 20.Nd2 Ne5 21.Qf4 Nxd3+ 22.cxd3 Qe7
23.Rac1 Rac8 24.Ne4 e5 25.Qd2 f5 26.Rxc8 Rxc8 27.Nc3 Qc5+ 28.Kg2 Rd8 29.Re1 Qc6
30.Qe3 h6 31.h4 Rd4 32.Ne2 Rb4 33.Rc1 Qd6 34.Qc5 Qxd3 35.Ng1 Rxb2+ 36.Kh3 Qd2  0-1

[Event "2nd Gurgaon Open 2014"]
[Site "Gurgaon IND"]
[Date "2014.01.04"]
[Round "5.8"]
[White "Narayanan,Sri"]
[Black "Gusain,H"]
[Result "1-0"]
[WhiteElo "2414"]
[BlackElo "2322"]

1.e4 c5 2.Nf3 e6 3.d4 cxd4 4.Nxd4 a6 5.Nc3 Qc7 6.Bd3 Nf6 7.f4 Nc6 8.Nxc6 Qxc6
9.Qe2 Bc5 10.Be3 d5 11.Bxc5 Qxc5 12.e5 d4 13.exf6 dxc3 14.fxg7 Rg8 15.b3 Rxg7
16.Qf2 Qxf2+ 17.Kxf2 f5 18.Rhe1 Kf7 19.a4 Bd7 20.Bc4 Rc8 21.Re5 Kf6 22.Rae1 Re7
23.a5 Rc7 24.R1e3 Re8 25.Rxc3 Re7 26.Rh3 Bb5 27.Bxb5 axb5 28.c3 b4 29.c4 Rc6
30.Rb5 Rd7 31.Re3 Ra6 32.Ke2 Rd4 33.g3 Rad6 34.Rxb7 Rd2+ 35.Kf3 Rxh2 36.Rb6 Rdd2
37.Rexe6+ Kg7 38.Rb7+ Kf8 39.Rf6+ Ke8 40.Rxf5 Rd3+ 41.Kg4 Rxb3 42.Rg5  1-0

[Event "26th Staufer-Open A 2014"]
[Site "Schwaebisch Gmuend GER"]
[Date "2014.01.04"]
[Round "5.22"]
[White "Hacker,Jonas"]
[Black "Hahn,Markus"]
[Result "0-1"]
[WhiteElo "2090"]
[BlackElo "2206"]

1.e4 c5 2.Nf3 e6 3.d4 cxd4 4.Nxd4 a6 5.Nc3 Qc7 6.Bd3 Nf6 7.f4 d6 8.Qf3 b5
9.g4 Nfd7 10.Be3 Nc5 11.a3 Bb7 12.O-O-O Nxd3+ 13.cxd3 d5 14.Kb1 b4 15.axb4 dxe4
16.dxe4 Bxb4 17.Rc1 Qe7 18.Nde2 Nd7 19.Rhd1 Rc8 20.Bd4 O-O 21.Qg3 Nf6 22.e5 Nd5
23.g5 Rc4 24.Ne4 Rfc8 25.Rxc4 Rxc4 26.Qd3 Rc8 27.Nf6+ gxf6 28.gxf6 Qc7 29.Rg1+ Kf8
30.Qxh7 Ke8 31.Rg8+ Kd7 32.Qxf7+ Ne7 33.Rxc8 Be4+ 34.Ka2 Qxc8 35.fxe7 Qc4+
36.Ka1 Bxe7 37.Nc3 Qxd4 38.Nxe4 Qa4+ 39.Kb1 Qxe4+ 40.Ka2 Qf5  0-1

[Event "26th Staufer-Open A 2014"]
[Site "Schwaebisch Gmuend GER"]
[Date "2014.01.04"]
[Round "6.5"]
[White "Schroeder,Ja"]
[Black "Mladenov,Sv"]
[Result "1-0"]
[WhiteElo "2373"]
[BlackElo "2467"]

1.e4 c5 2.Nf3 e6 3.d4 cxd4 4.Nxd4 a6 5.Nc3 Qc7 6.Bd3 Nf6 7.Qe2 d6 8.O-O Be7
9.Kh1 Nbd7 10.f4 Nc5 11.Be3 O-O 12.Rac1 b5 13.b4 Ncd7 14.Nb1 Bb7 15.Nd2 d5
16.e5 Ne4 17.Bxe4 dxe4 18.c4 bxc4 19.Nxc4 Qb8 20.Na5 Bd5 21.Nac6 Qe8 22.Rfd1 Nb8
23.Nxe7+ Qxe7 24.Nf5 Qb7 25.Bc5 Rd8 26.Nd6 Qd7 27.Bb6 Rf8 28.b5 axb5 29.Rc7 Qd8
30.Rxf7 Qh4 31.Rxf8+ Kxf8 32.Qxb5 Bc6 33.Qc5 Qe7 34.f5 exf5 35.e6 Kg8 36.Nxf5 Qxe6
37.Ne7+ Kf7 38.Rf1+  1-0

[Event "26th Staufer-Open A 2014"]
[Site "Schwaebisch Gmuend GER"]
[Date "2014.01.06"]
[Round "9.28"]
[White "Hacker,Jonas"]
[Black "Weiss,And"]
[Result "1-0"]
[WhiteElo "2090"]
[BlackElo "2181"]

1.e4 c5 2.Nf3 e6 3.d4 cxd4 4.Nxd4 a6 5.Nc3 Qc7 6.Bd3 Nc6 7.Nxc6 dxc6 8.O-O e5
9.f4 Nf6 10.Kh1 Bd6 11.f5 b5 12.a4 Rb8 13.Be3 O-O 14.Qe2 Bb7 15.Bf2 Rfc8
16.b3 Qe7 17.Nd1 c5 18.Bh4 Bc6 19.axb5 axb5 20.Ne3 Qb7 21.Bxf6 gxf6 22.Qh5 Kh8
23.Rae1 Rg8 24.Qh4 Rg5 25.c4 b4 26.Rf3 Rbg8 27.Rh3 R8g7 28.Ra1 Be7 29.Ra2 Qd7
30.Nd5 Bd8 31.Qh6 Qd6 32.Qh4 Rg4 33.Qe1 Rg8 34.Qe2 R4g5 35.Rh5 Be7 36.Ra6 Ra8
37.Rxa8+ Bxa8 38.Rh3 Bd8 39.Qa2 Qb8 40.Qa6 Bxd5  1-0